Report of the Social Attitude Towards Population Survey 1988

Salvato in:
Dettagli Bibliografici
Natura: Libro
Lingua:inglese
Pubblicazione: Bangkok National Statistical Office 1989
Soggetti:
Tags: Aggiungi Tag
Nessun Tag, puoi essere il primo ad aggiungerne!!

MARC

LEADER 00000nam a2200000 4500
001 c027118
005 20251217130551.3
041 0 |a eng 
044 |a TH 
245 1 0 |a Report of the Social Attitude Towards Population Survey 1988 
264 1 |a Bangkok  |b National Statistical Office  |c 1989 
300 |a 18, 12 s. 
610 2 0 |a Thajsko